| 000 | 00697nam a2200217Ii 4500 | ||
|---|---|---|---|
| 003 | JO-AjNU | ||
| 008 | 230606s9999||||xx |||||||||||||| ||und|| | ||
| 020 | _a978-1-138-23750-6( Hbk)/978-1-138-23751-3(Pbk)/978-1-351-05518-5(Ebk) | ||
| 040 |
_aJO-AjNU _beng _erda _cJO-AjNU |
||
| 041 | _aeng | ||
| 050 | 1 | 4 | _aP129.A663 2018 |
| 100 | 3 |
_aMclntyre, Dan, Hazel price, _eauthor _96009 |
|
| 245 | 0 | 0 | _aApplying Linguistics: Language and the Impact Agenda |
| 250 | _a1 ed | ||
| 264 | 3 | 1 | _aNew York: Routledge, 2018 |
| 300 | _a210p | ||
| 336 |
_atext _btxt _2rdacontent |
||
| 337 |
_aunmediated _bn _2rdamedia |
||
| 338 |
_avolume _bnc _2rdacarrier |
||
| 650 | 4 |
_aApplied Linguistics-Linguistics _96010 |
|
| 999 |
_aE3117 _c3114 _d3114 |
||